| 000 | 00701nam a22001937a 4500 | ||
|---|---|---|---|
| 999 |
_c165536 _d165536 |
||
| 005 | 20190621133505.0 | ||
| 010 | _aUR-10228 | ||
| 020 |
_c180.00 _a9789388105149 |
||
| 035 | _aU-8783 | ||
| 037 | _bDBAD/PUB | ||
| 082 | _a921 | ||
| 100 | _aخا ن ا فتخا ر عا لم | ||
| 245 |
_aسر سيد ہا ؤ س کے ما ہ و سا ل _cخا ن ا فتخا ر عا لم |
||
| 246 |
_bSir Syed House ke Mah -o-Sal (Urdu) _abyIftikhar Alam Khan |
||
| 260 |
_a Delhi _bEducational Publishing House _c2018 ء |
||
| 270 |
_a3191،Vakil Street,Kucha Pandit,Lal Kuan, _bDelhi _e110006 _k23216162 _l00911123211540 |
||
| 300 |
_a160+9ص _c22 Cm(Hb) |
||
| 942 |
_2ddc _cUR _h921 _mخ ا ن |
||